[Event "US Championship"]
[Site "Saint Louis USA"]
[Date "2017.03.09"]
[EventDate "2017.03.29"]
[Round "11"]
[Result "1/2-1/2"]
[White "Jeffery Xiong"]
[Black "Yaroslav Zherebukh"]
[WhiteElo "2674"]
[BlackElo "2605"]
[PlyCount "52"]

1. d4 Nf6 2. c4 g6 3. g3 c6 4. Bg2 d5 5. cxd5 cxd5 6. Nf3 Bg7
7. Nc3 Ne4 8. Qa4+ Nc6 9. Ne5 Nxc3 10. bxc3 O-O 11. Nxc6 bxc6
12. O-O Qb6 13. Ba3 Qa6 14. Qxa6 Bxa6 15. Rfb1 Rfb8 16. Bxe7
Bxe2 17. Bd6 Rd8 18. Bc5 Bf8 19. Bxf8 Kxf8 20. Rb7 Rdb8
21. Rc7 Rc8 22. Rd7 Rd8 23. Rc7 Rdc8 24. Rd7 Rd8 25. Rc7 Rdc8
26. Rd7 Rd8 1/2-1/2

[Event "US Championship"]
[Site "Saint Louis USA"]
[Date "2017.03.09"]
[EventDate "2017.03.29"]
[Round "11"]
[Result "0-1"]
[White "Ray Robson"]
[Black "Fabiano Caruana"]
[WhiteElo "2668"]
[BlackElo "2817"]
[PlyCount "80"]

1. e4 e6 2. d4 d5 3. Nc3 Nf6 4. e5 Nfd7 5. Nce2 c5 6. c3 Nc6
7. Nf3 Qa5 8. a3 cxd4 9. b4 Qc7 10. cxd4 b5 11. Nf4 Qb6
12. Rb1 a5 13. bxa5 Rxa5 14. Bd3 Ba6 15. O-O Bxa3 16. Be3 Be7
17. Qd2 g6 18. Rfc1 b4 19. h4 Ra3 20. Bxa6 Qxa6 21. Nh3 Na5
22. Bg5 Nb3 23. Rxb3 Rxb3 24. Qe2 Qa8 25. Qb5 Rc3 26. Rxc3
bxc3 27. Bxe7 Qa1+ 28. Kh2 Kxe7 29. Qb4+ Kd8 30. Nfg5 Rf8
31. Nxh7 c2 32. Nxf8 c1=Q 33. Nxd7 Kxd7 34. Qd6+ Kc8 35. Qf8+
Kb7 36. Qxf7+ Qc7 37. Qxg6 Qxd4 38. f4 Qe4 39. Qxe6 Qg7 40. g4
Qc7 0-1

[Event "US Championship"]
[Site "Saint Louis USA"]
[Date "2017.03.09"]
[EventDate "2017.03.29"]
[Round "11"]
[Result "1/2-1/2"]
[White "Alexander Shabalov"]
[Black "Samuel Shankland"]
[WhiteElo "2556"]
[BlackElo "2666"]
[PlyCount "83"]

1. e4 c5 2. Nc3 d6 3. f4 Nc6 4. Nf3 e6 5. d4 cxd4 6. Nxd4 Nf6
7. Be3 Be7 8. Qf3 e5 9. Nf5 Bxf5 10. exf5 O-O 11. O-O-O Qa5
12. Bc4 Rac8 13. Bb3 exf4 14. Qxf4 Rfe8 15. Kb1 Bd8 16. g4 Qe5
17. Qxe5 Rxe5 18. Bf4 Ra5 19. h3 Bc7 20. Bxd6 Bxd6 21. Rxd6
Kf8 22. Rhd1 h6 23. a3 Re5 24. R6d3 Rce8 25. Nd5 Ne4 26. Nc7
Rc8 27. Rd7 Re7 28. Nb5 a6 29. Rxe7 Nxe7 30. Rd4 Nf2 31. Nc3
Nxh3 32. Rd7 Nf2 33. Nd5 Nc6 34. Nb6 Ne5 35. Rxb7 Rd8 36. c4
Ne4 37. Rc7 Rb8 38. c5 Nxc5 39. Rxc5 Rxb6 40. Rxe5 Rxb3
41. Ra5 Rb6 42. Re5 1/2-1/2

[Event "US Championship"]
[Site "Saint Louis USA"]
[Date "2017.03.31"]
[EventDate "2017.03.29"]
[Round "3"]
[Result "1/2-1/2"]
[White "Alexander Onischuk"]
[Black "Samuel Shankland"]
[WhiteElo "2667"]
[BlackElo "2666"]
[PlyCount "68"]

1. d4 d5 2. c4 c6 3. Nf3 Nf6 4. Nc3 e6 5. e3 Nbd7 6. Qc2 Bd6
7. b3 O-O 8. Be2 b6 9. Bb2 Bb7 10. O-O Rc8 11. Rad1 Qe7 12. e4
dxe4 13. Nxe4 Nxe4 14. Qxe4 Nf6 15. Qc2 c5 16. d5 exd5
17. cxd5 Ne4 18. Rfe1 f5 19. Bc4 Kh8 20. g3 Rce8 21. Nd2 Qf7
22. Nxe4 fxe4 23. Rd2 Qg6 24. Rde2 Bc8 25. Rxe4 Bf5 26. Bd3
Bxe4 27. Rxe4 Rxe4 28. Bxe4 Qh5 29. Kg2 Be5 30. Bxe5 Qxe5
31. Bxh7 Qxd5+ 32. Be4 Qd4 33. Qe2 Rxf2+ 34. Qxf2 Qxe4+
1/2-1/2

[Event "US Championship"]
[Site "Saint Louis USA"]
[Date "2017.03.31"]
[EventDate "2017.03.29"]
[Round "3"]
[Result "1-0"]
[White "Yaroslav Zherebukh"]
[Black "Alexander Shabalov"]
[WhiteElo "2605"]
[BlackElo "2556"]
[PlyCount "97"]

1. Nf3 d5 2. g3 Bg4 3. Bg2 Nd7 4. O-O e6 5. c4 c6 6. d3 Bd6
7. Nc3 Ne7 8. cxd5 exd5 9. Qa4 Bh5 10. e4 O-O 11. Be3 Nc5
12. Qc2 Ne6 13. exd5 cxd5 14. d4 Qb6 15. Ng5 Bg6 16. Qd2 Nc7
17. Nh3 Rfd8 18. Nf4 Bxf4 19. Bxf4 Ne6 20. Be3 Rac8 21. Rac1
Rc6 22. Rfe1 h6 23. Na4 Qc7 24. Nc5 Nxc5 25. dxc5 Nf5 26. Bf4
Qc8 27. b4 b6 28. Re5 d4 29. Bxc6 Qxc6 30. cxb6 Qxb6 31. Rxf5
Bxf5 32. Bc7 Qf6 33. Bxd8 Qxd8 34. Qf4 Bg6 35. Rc4 d3 36. Rd4
Qc8 37. h4 h5 38. b5 Kh7 39. a4 Qc3 40. Kh2 Qe1 41. Qe3 Qd1
42. a5 Qb3 43. Rd8 Qxb5 44. Qe8 Qxe8 45. Rxe8 f6 46. Rd8 Be4
47. Kg1 Kg6 48. Kf1 Bc6 49. Ke1 1-0

[Event "US Championship"]
[Site "Saint Louis USA"]
[Date "2017.03.31"]
[EventDate "2017.03.29"]
[Round "3"]
[Result "0-1"]
[White "Varuzhan Akobian"]
[Black "Daniel Naroditsky"]
[WhiteElo "2645"]
[BlackElo "2646"]
[PlyCount "116"]

1. d4 Nf6 2. c4 e6 3. Nf3 d5 4. Bg5 Bb4+ 5. Nbd2 dxc4 6. a3
Bxd2+ 7. Qxd2 Nbd7 8. a4 c5 9. e3 cxd4 10. Nxd4 h6 11. Bxf6
Nxf6 12. Bxc4 O-O 13. Qb4 Nd5 14. Qc5 b6 15. Qc6 Bd7 16. Qd6
Nf6 17. b3 Rc8 18. Bb5 Bxb5 19. Qxd8 Rfxd8 20. axb5 Rd5
21. O-O Rc7 22. Rfc1 Rxc1+ 23. Rxc1 e5 24. Nc6 Rxb5 25. Nxa7
Rxb3 26. Nc6 Rb5 27. h3 Ne4 28. f3 Nd6 29. e4 Kh7 30. h4 h5
31. Kh2 f6 32. Ne7 Rc5 33. Rd1 Nc8 34. Nd5 b5 35. Ne3 b4
36. Rb1 Rb5 37. Rb3 Ne7 38. Kg3 Nc6 39. Nd5 Rc5 40. Rb2 Rb5
41. Rb3 f5 42. Kf2 fxe4 43. fxe4 Rb7 44. g4 hxg4 45. Kg3 Kg6
46. Kxg4 Kf7 47. h5 Ke6 48. Kg5 Kd6 49. Kg6 Kc5 50. Kh7 Kd4
51. Nxb4 Nxb4 52. Rg3 Kxe4 53. Rxg7 Rb6 54. Rg6 Rb8 55. h6 Nd5
56. Kg7 Rb7+ 57. Kf8 Kf5 58. Rg1 Nf6 0-1

[Event "US Championship"]
[Site "Saint Louis USA"]
[Date "2017.03.31"]
[EventDate "2017.03.29"]
[Round "3"]
[Result "1-0"]
[White "Ray Robson"]
[Black "Gata Kamsky"]
[WhiteElo "2668"]
[BlackElo "2659"]
[PlyCount "115"]

1. e4 c5 2. Nf3 Nc6 3. d4 cxd4 4. Nxd4 Qb6 5. Nb3 Nf6 6. Nc3
e6 7. Bd3 a6 8. f4 d5 9. e5 Nd7 10. Qg4 Nc5 11. Nxc5 Qxc5
12. a3 g6 13. Nd1 Nd4 14. Ne3 Bd7 15. O-O Bb5 16. Qd1 Nf5
17. Bxb5+ Qxb5 18. Nxf5 gxf5 19. Kh1 Rc8 20. a4 Qc4 21. c3 Bc5
22. Rf3 Rg8 23. b3 Qe4 24. Ra2 b5 25. axb5 axb5 26. Rd3 d4
27. cxd4 Bb4 28. Be3 Qd5 29. h3 Kf8 30. Kh2 Rg6 31. Qf3 Qxf3
32. gxf3 Rc3 33. Rxc3 Bxc3 34. Rc2 b4 35. Bd2 Bxd4 36. Bxb4+
Ke8 37. Bc5 Bxc5 38. Rxc5 Kd7 39. b4 Rg8 40. b5 h5 41. b6 Rb8
42. Rc7+ Kd8 43. Rxf7 Rxb6 44. Kg3 Rb4 45. Rh7 Ra4 46. Rxh5
Ke7 47. Rh7+ Kf8 48. Rb7 Rc4 49. h4 Rc1 50. h5 Rh1 51. Rh7 Ke8
52. h6 Kf8 53. Rh8+ Kf7 54. h7 Rh6 55. Ra8 Rxh7 56. Ra7+ Kg6
57. Rxh7 Kxh7 58. Kf2 1-0

[Event "US Championship"]
[Site "Saint Louis USA"]
[Date "2017.04.01"]
[EventDate "2017.03.29"]
[Round "4"]
[Result "1/2-1/2"]
[White "Samuel Shankland"]
[Black "Yaroslav Zherebukh"]
[WhiteElo "2666"]
[BlackElo "2605"]
[PlyCount "31"]

1. Nf3 Nf6 2. c4 g6 3. Nc3 d5 4. cxd5 Nxd5 5. h4 Bg7 6. h5 Nc6
7. g3 Bf5 8. Bg2 Ncb4 9. O-O Nxc3 10. bxc3 Bc2 11. Qe1 Be4
12. Qd1 Bc2 13. Qe1 Be4 14. Qd1 Bc2 15. Qe1 Be4 16. Qd1
1/2-1/2

[Event "US Championship"]
[Site "Saint Louis USA"]
[Date "2017.04.01"]
[EventDate "2017.03.29"]
[Round "4"]
[Result "1/2-1/2"]
[White "Daniel Naroditsky"]
[Black "Ray Robson"]
[WhiteElo "2646"]
[BlackElo "2668"]
[PlyCount "60"]

1. e4 c5 2. Nf3 d6 3. d4 cxd4 4. Nxd4 Nf6 5. Nc3 a6 6. Nb3 Nc6
7. Be3 e6 8. g4 b5 9. Bg2 Ne5 10. g5 Nfd7 11. Nd2 Nb6 12. f4
Nec4 13. Nxc4 Nxc4 14. Bc1 Be7 15. b3 Nb6 16. O-O O-O 17. Bb2
Bb7 18. Qh5 Re8 19. Nd1 Nd7 20. Nf2 Rc8 21. Rac1 Qb6 22. Kh1
f5 23. gxf6 Bxf6 24. c3 b4 25. Ng4 Rf8 26. Nxf6+ Nxf6 27. Qe2
d5 28. exd5 Nxd5 29. Qf2 Qxf2 30. Rxf2 bxc3 1/2-1/2

[Event "US Championship"]
[Site "Saint Louis USA"]
[Date "2017.04.01"]
[EventDate "2017.03.29"]
[Round "4"]
[Result "1/2-1/2"]
[White "Alexander Shabalov"]
[Black "Varuzhan Akobian"]
[WhiteElo "2556"]
[BlackElo "2645"]
[PlyCount "65"]

1. Nf3 Nf6 2. c4 e6 3. g3 d5 4. Bg2 dxc4 5. Qa4+ Bd7 6. Qxc4
c5 7. O-O Bc6 8. b3 Nbd7 9. Bb2 Be7 10. Qc2 O-O 11. Nc3 Rc8
12. Rac1 b5 13. d3 Qb6 14. e4 Rfd8 15. Qe2 a6 16. h3 Bb7
17. Kh2 Nb8 18. e5 Nd5 19. Ne4 Nc6 20. Nfg5 h6 21. f4 Nd4
22. Bxd4 cxd4 23. Qh5 Rf8 24. Rxc8 Bxc8 25. f5 exf5 26. Nxf7
Qe6 27. Nc5 Bxc5 28. Bxd5 Qxd5 29. Nxh6+ gxh6 30. Qg6+ Kh8
31. Qxh6+ Kg8 32. Qg6+ Kh8 33. Qh6+ 1/2-1/2

[Event "US Championship"]
[Site "Saint Louis USA"]
[Date "2017.04.01"]
[EventDate "2017.03.29"]
[Round "4"]
[Result "1/2-1/2"]
[White "Fabiano Caruana"]
[Black "Jeffery Xiong"]
[WhiteElo "2817"]
[BlackElo "2674"]
[PlyCount "116"]

1. e4 e5 2. Nf3 Nc6 3. Bb5 Nf6 4. d3 Bc5 5. c3 d5 6. exd5 Qxd5
7. Bc4 Qd6 8. b4 Bb6 9. a4 e4 10. dxe4 Qxd1+ 11. Kxd1 Nxe4
12. Kc2 Nd6 13. Re1+ Ne7 14. Bb3 Bf5+ 15. Kb2 a5 16. Bf4 Bxf2
17. Re2 Bb6 18. Na3 Be6 19. Bxe6 fxe6 20. Bxd6 cxd6 21. Rxe6
Kd7 22. Rae1 Rhe8 23. Nc4 Bc7 24. Kb3 axb4 25. cxb4 Nf5
26. R6e2 Rxe2 27. Rxe2 Re8 28. Rd2 Re4 29. a5 Kc6 30. b5+ Kd7
31. b6 Bb8 32. Nce5+ Kd8 33. h3 Ne7 34. Nc4 d5 35. Na3 Bd6
36. Nc2 Kd7 37. Rd3 h6 38. g4 Bc5 39. Nfd4 Nc6 40. Nxc6 Kxc6
41. Rd1 Rf4 42. Rd3 g5 43. Kc3 Ra4 44. Rf3 Kb5 45. Rf7 Kxa5
46. Rxb7 Rf4 47. Rd7 Rf3+ 48. Kd2 Kxb6 49. Rxd5 Rxh3 50. Nd4
Rg3 51. Nf5 Rg2+ 52. Kd3 Kc6 53. Re5 Rxg4 54. Nxh6 Rg1 55. Re4
Rg3+ 56. Kc4 Rf3 57. Re6+ Bd6 58. Rg6 Rf4+ 1/2-1/2

[Event "US Championship"]
[Site "Saint Louis USA"]
[Date "2017.04.02"]
[EventDate "2017.03.29"]
[Round "5"]
[Result "1-0"]
[White "Ray Robson"]
[Black "Alexander Shabalov"]
[WhiteElo "2668"]
[BlackElo "2556"]
[PlyCount "61"]

1. e4 g6 2. d4 Bg7 3. Nc3 c6 4. f4 d5 5. e5 Nh6 6. Nf3 f6
7. Be3 O-O 8. h3 Qb6 9. Qd2 Qxb2 10. Rb1 Qa3 11. g4 Nf7
12. Bd3 fxe5 13. dxe5 Na6 14. Rb3 Qa5 15. O-O e6 16. h4 Nc5
17. h5 Nxd3 18. cxd3 gxh5 19. g5 Nh8 20. Qh2 Ng6 21. Qxh5 Nxf4
22. Bxf4 Rxf4 23. Ne2 Rf8 24. Ng3 Qc5+ 25. Kh1 Qe7 26. Rb2 Qf7
27. Qh3 b6 28. Rh2 Qg6 29. Nh5 Ba6 30. Nf6+ Kf7 31. Nd4 1-0

[Event "US Championship"]
[Site "Saint Louis USA"]
[Date "2017.04.02"]
[EventDate "2017.03.29"]
[Round "5.4"]
[Result "1-0"]
[White "Varuzhan Akobian"]
[Black "Samuel Shankland"]
[WhiteElo "2645"]
[BlackElo "2666"]
[PlyCount "115"]

1. d4 d5 2. c4 e6 3. Nf3 Nf6 4. Nc3 c6 5. Bg5 h6 6. Bxf6 Qxf6
7. Qb3 dxc4 8. Qxc4 Nd7 9. Rd1 Rb8 10. g3 Qd8 11. Bg2 Be7
12. O-O b5 13. Qd3 O-O 14. Ne4 Qa5 15. Nc5 Nxc5 16. dxc5 Bf6
17. Qd6 Ba6 18. Ne5 Bxe5 19. Qxe5 b4 20. Bxc6 Rbc8 21. Rd6
Bxe2 22. Rc1 Bb5 23. Bb7 Rc7 24. c6 Qb6 25. Qc5 Qxc5 26. Rxc5
a6 27. Rd4 Rb8 28. Rxb5 axb5 29. Rxb4 Rbxb7 30. cxb7 Rxb7
31. a4 Ra7 32. axb5 Kf8 33. b6 Rb7 34. Kg2 Ke7 35. Kf3 Kd6
36. Ke4 Kc5 37. Rb3 f6 38. Kd3 e5 39. g4 g6 40. h4 f5 41. h5
gxh5 42. gxf5 h4 43. Ke4 Kd6 44. f6 h3 45. Kf5 e4 46. Rxh3
Rxb6 47. b3 Rb5+ 48. Kxe4 h5 49. Rf3 Ke6 50. Kd4 Kf7 51. Kc4
Rb8 52. b4 h4 53. b5 Rh8 54. Rh3 Kxf6 55. b6 Ke7 56. Kb5 Kd7
57. Ka6 Kc6 58. b7 1-0

[Event "US Championship"]
[Site "Saint Louis USA"]
[Date "2017.04.02"]
[EventDate "2017.03.29"]
[Round "5.5"]
[Result "0-1"]
[White "Jeffery Xiong"]
[Black "Gata Kamsky"]
[WhiteElo "2674"]
[BlackElo "2659"]
[PlyCount "144"]

1. d4 g6 2. e4 Bg7 3. Nf3 d6 4. Bd3 Nf6 5. O-O O-O 6. Re1 Nc6
7. c3 e5 8. Na3 Bg4 9. Nc2 Nd7 10. Be2 Kh8 11. Bg5 f6 12. Bh4
Nb6 13. Ne3 Bd7 14. b4 Qe8 15. b5 Nd8 16. a4 a5 17. c4 Ne6
18. c5 dxc5 19. dxe5 fxe5 20. Qb3 Rf4 21. Qb1 Nd4 22. Bg3 Rf8
23. Nd2 Be6 24. Qc1 Nd7 25. Bc4 b6 26. Rb1 h5 27. Bxe6 Qxe6
28. Nd5 Rac8 29. Nc4 Kh7 30. Qd1 Bh6 31. Rb2 Rf7 32. Qd3 Bf4
33. Qc3 g5 34. h3 h4 35. Bh2 Nf6 36. Nxf6+ Rxf6 37. Ne3 Bxh2+
38. Kxh2 Rf4 39. Nd5 Rf7 40. f3 Rd8 41. Qe3 Qg6 42. Qc3 Rd6
43. Rf2 Kg8 44. Ne3 Kf8 45. Kh1 Ke8 46. Kh2 Kd8 47. Kh1 Kc8
48. Kh2 Kb8 49. Kh1 Qf6 50. Kg1 Rd8 51. Qc1 Rfd7 52. Nd5 Qg7
53. Qc4 Rd6 54. Ne3 Qf8 55. Qc3 Qf7 56. Nc4 Re6 57. Rd2 Re7
58. Rb1 Qf4 59. Re1 Red7 60. Rf2 Kb7 61. Qb2 Qg3 62. Ref1 Ne6
63. Qxe5 Nf4 64. Qf5 Rd1 65. Ne3 R1d3 66. Nd5 Rxf3 67. Qg4
Rxf2 68. Rxf2 Qxg4 69. hxg4 Nxd5 70. exd5 Rxd5 71. Kh2 Rd4
72. Kh3 Rd3+ 0-1

[Event "US Championship"]
[Site "Saint Louis USA"]
[Date "2017.04.04"]
[EventDate "2017.03.29"]
[Round "6"]
[Result "1-0"]
[White "Fabiano Caruana"]
[Black "Gata Kamsky"]
[WhiteElo "2817"]
[BlackElo "2659"]
[PlyCount "79"]

1. e4 c5 2. Nf3 Nc6 3. d4 cxd4 4. Nxd4 Nf6 5. Nc3 e5 6. Ndb5
d6 7. Bg5 a6 8. Na3 b5 9. Bxf6 gxf6 10. Nd5 Bg7 11. Bd3 Ne7
12. Nxe7 Qxe7 13. c3 f5 14. Nc2 f4 15. Qh5 h6 16. Nb4 Be6
17. Nxa6 O-O 18. Nb4 f5 19. O-O fxe4 20. Bxe4 Rac8 21. Rad1
Rc4 22. Qg6 Rxe4 23. Qxe4 f3 24. Nd5 Qg5 25. g3 Rf7 26. Kh1
Bh3 27. Rfe1 Bf5 28. Qb4 Bf8 29. Qxb5 h5 30. Ne3 Bh3 31. Qc4
Qg6 32. a4 Kh8 33. Qh4 Be6 34. a5 e4 35. Qd8 Kh7 36. a6 Bh6
37. Qb6 h4 38. g4 Bxg4 39. Rg1 Bxe3 40. Qxe3 1-0

[Event "US Championship"]
[Site "Saint Louis USA"]
[Date "2017.04.04"]
[EventDate "2017.03.29"]
[Round "6"]
[Result "1/2-1/2"]
[White "Alexander Onischuk"]
[Black "Yaroslav Zherebukh"]
[WhiteElo "2667"]
[BlackElo "2605"]
[PlyCount "82"]

1. d4 Nf6 2. c4 g6 3. Nc3 d5 4. cxd5 Nxd5 5. e4 Nxc3 6. bxc3
Bg7 7. Nf3 c5 8. Be3 Qa5 9. Qd2 Nc6 10. Rb1 cxd4 11. cxd4 O-O
12. Bd3 b6 13. Qxa5 Nxa5 14. O-O Bb7 15. Bd2 Nc6 16. d5 Ne5
17. Nxe5 Bxe5 18. Bb4 Bf6 19. f4 Rfc8 20. e5 Bg7 21. Rfd1 Bxd5
22. Ba6 Rd8 23. Bxe7 Bxa2 24. Rxd8+ Rxd8 25. Rc1 Ra8 26. Rc7
Bf8 27. Bxf8 Kxf8 28. Kf2 Be6 29. Ke3 h5 30. g3 Kg7 31. Ke2 h4
32. Ke3 h3 33. g4 Rb8 34. Rxa7 b5 35. Kf3 b4 36. Bd3 b3 37. f5
Bd5+ 38. Kf4 Rb4+ 39. Kg5 Bf3 40. f6+ Kf8 41. Rd7 Rxg4+
1/2-1/2

[Event "US Championship"]
[Site "Saint Louis USA"]
[Date "2017.04.04"]
[EventDate "2017.03.29"]
[Round "6"]
[Result "1-0"]
[White "Samuel Shankland"]
[Black "Ray Robson"]
[WhiteElo "2666"]
[BlackElo "2668"]
[PlyCount "93"]

1. d4 d5 2. c4 c6 3. Nf3 Nf6 4. Nc3 e6 5. e3 Nbd7 6. Be2 b6
7. O-O Bb7 8. Qc2 Bd6 9. Rd1 O-O 10. e4 dxe4 11. Nxe4 Nxe4
12. Qxe4 Qe7 13. Bf4 Rfd8 14. Bxd6 Qxd6 15. Rd2 Nf6 16. Qe3 c5
17. Rad1 Qc6 18. dxc5 Rxd2 19. Rxd2 bxc5 20. Bf1 h6 21. Ne5
Qc7 22. h3 a5 23. f4 a4 24. Be2 Rd8 25. Bd1 a3 26. bxa3 Qa5
27. Rxd8+ Qxd8 28. Bc2 h5 29. g4 hxg4 30. hxg4 Qc7 31. g5 Nd7
32. Kf2 f6 33. gxf6 Nxf6 34. a4 Qa5 35. Ke2 Ba6 36. Qh3 Qb6
37. a5 Qd6 38. Bd3 Bb7 39. Ng6 Nh7 40. Ne5 Nf8 41. Qh8+ Kxh8
42. Nf7+ Kg8 43. Nxd6 Ba6 44. Be4 Nd7 45. Bc6 Nb8 46. Bb5 Kf8
47. Ne4 1-0

[Event "US Championship"]
[Site "Saint Louis USA"]
[Date "2017.04.05"]
[EventDate "2017.03.29"]
[Round "7.2"]
[Result "1-0"]
[White "Yaroslav Zherebukh"]
[Black "Fabiano Caruana"]
[WhiteElo "2605"]
[BlackElo "2817"]
[PlyCount "101"]

1. e4 e5 2. Nf3 Nc6 3. Bb5 a6 4. Ba4 Nf6 5. O-O Be7 6. Re1 b5
7. Bb3 d6 8. c3 O-O 9. h3 Nb8 10. d4 Nbd7 11. Nbd2 Bb7 12. Bc2
Re8 13. Nf1 Bf8 14. Ng3 g6 15. a4 c5 16. d5 c4 17. Bg5 h6
18. Be3 Nc5 19. Qd2 h5 20. Bg5 Bg7 21. Rf1 Qc7 22. Bh6 Bh8
23. Ng5 Nh7 24. Nxh7 Kxh7 25. Be3 Qe7 26. f4 exf4 27. Bxf4 Kg8
28. Rf3 Bg7 29. Raf1 Nd7 30. Bh6 Bxh6 31. Qxh6 Qf8 32. Qd2 Ne5
33. Rf6 Rad8 34. Qg5 Qg7 35. Bd1 Bc8 36. Qh4 Kf8 37. Qf4 Qg8
38. Kh1 Re7 39. Bxh5 bxa4 40. Bd1 Qg7 41. Bxa4 Qh7 42. Qg5 a5
43. Kg1 Qh8 44. R1f4 Qg7 45. Rh4 Nd3 46. Rh6 Ne5 47. Rf4 Bd7
48. Qh4 Kg8 49. Qxe7 Re8 50. Qg5 Bxa4 51. Rf6 1-0

[Event "US Championship"]
[Site "Saint Louis USA"]
[Date "2017.04.05"]
[EventDate "2017.03.29"]
[Round "7.4"]
[Result "1/2-1/2"]
[White "Varuzhan Akobian"]
[Black "Alexander Onischuk"]
[WhiteElo "2645"]
[BlackElo "2667"]
[PlyCount "115"]

1. d4 Nf6 2. c4 e6 3. Nf3 d5 4. Nc3 Be7 5. Bf4 O-O 6. e3 Nbd7
7. a3 c5 8. cxd5 Nxd5 9. Nxd5 exd5 10. dxc5 Nxc5 11. Be5 Bf6
12. Bxf6 Qxf6 13. Qd4 Qd6 14. Bd3 Rd8 15. Bc2 b6 16. O-O Ba6
17. Rfe1 Rac8 18. Rac1 h6 19. Qg4 Qf6 20. Qf5 Qxf5 21. Bxf5
Ne6 22. Rxc8 Bxc8 23. Rc1 Bd7 24. h3 Ng5 25. Bxd7 Nxf3+
26. gxf3 Rxd7 27. Kf1 d4 28. Rd1 d3 29. Ke1 Rd5 30. Kd2 Rf5
31. f4 g5 32. Rg1 Kf8 33. Rg4 f6 34. Kxd3 Rd5+ 35. Ke2 h5
36. Rg3 gxf4 37. exf4 Kf7 38. Rc3 Ke6 39. Rc7 Rb5 40. b4 a5
41. Rc4 axb4 42. a4 Rc5 43. Rxb4 Kf5 44. Rxb6 Rc2+ 45. Kf3
Rc3+ 46. Kg2 Rc4 47. Rb5+ Kg6 48. a5 Rxf4 49. Rb8 Ra4 50. Ra8
Kf5 51. a6 Kf4 52. a7 f5 53. h4 Ra1 54. Rh8 Rxa7 55. Rxh5 Kg4
56. Rg5+ Kxh4 57. Rxf5 Kg4 58. Rb5 1/2-1/2

[Event "US Championship"]
[Site "Saint Louis USA"]
[Date "2017.04.05"]
[EventDate "2017.03.29"]
[Round "7.5"]
[Result "1-0"]
[White "Gata Kamsky"]
[Black "Daniel Naroditsky"]
[WhiteElo "2659"]
[BlackElo "2646"]
[PlyCount "89"]

1. e4 e5 2. Nf3 Nc6 3. Bb5 a6 4. Ba4 Nf6 5. O-O Be7 6. Re1 b5
7. Bb3 d6 8. c3 O-O 9. d4 Bg4 10. d5 Na5 11. Bc2 c6 12. h3 Bc8
13. dxc6 Qc7 14. Nbd2 Qxc6 15. Nf1 Nc4 16. Ng3 Re8 17. a4 Bb7
18. Qe2 Nb6 19. axb5 axb5 20. Bg5 Qd7 21. Rad1 Bd8 22. Nf5 Nc8
23. Bxf6 Bxf6 24. Bb3 Ra6 25. Qd3 Rd8 26. Nh2 Ne7 27. Ng4 Nxf5
28. exf5 Qc6 29. Ne3 Qc5 30. Bd5 Bc8 31. Be4 b4 32. Nd5 bxc3
33. b4 Qa7 34. b5 Ra3 35. b6 Qa4 36. Rc1 Ba6 37. Qg3 Kf8
38. Rxc3 Ra1 39. Rxa1 Qxa1+ 40. Kh2 Qb2 41. Rc7 Qd4 42. Nxf6
gxf6 43. Qh4 Qxb6 44. Qh6+ Kg8 45. Rc3 1-0

[Event "US Championship"]
[Site "Saint Louis USA"]
[Date "2017.04.05"]
[EventDate "2017.03.29"]
[Round "7.6"]
[Result "0-1"]
[White "Jeffery Xiong"]
[Black "Alexander Shabalov"]
[WhiteElo "2674"]
[BlackElo "2556"]
[PlyCount "52"]

1. e4 c6 2. Nf3 d5 3. Nc3 g6 4. d4 Bg7 5. h3 Nf6 6. e5 Ne4
7. Nxe4 dxe4 8. Ng5 c5 9. Bc4 O-O 10. c3 cxd4 11. cxd4 Nc6
12. Be3 Qa5+ 13. Kf1 h6 14. Nxe4 Rd8 15. f4 b5 16. Bb3 Nxd4
17. Bxd4 Qb4 18. Qf3 Rxd4 19. a3 Qa5 20. Nf6+ Bxf6 21. exf6
Qb6 22. f5 Bb7 23. Qg3 g5 24. fxe7 Re8 25. Re1 Rf4+ 26. Ke2
Qd4 0-1

[Event "US Championship"]
[Site "Saint Louis USA"]
[Date "2017.04.06"]
[EventDate "2017.03.29"]
[Round "8"]
[Result "1-0"]
[White "Fabiano Caruana"]
[Black "Daniel Naroditsky"]
[WhiteElo "2817"]
[BlackElo "2646"]
[PlyCount "57"]

1. e4 e6 2. d4 d5 3. Nc3 Bb4 4. e5 c5 5. a3 Bxc3+ 6. bxc3 Qa5
7. Bd2 Qa4 8. Qg4 Kf8 9. Nf3 b6 10. c4 Ne7 11. Bd3 dxc4
12. dxc5 bxc5 13. Ng5 h6 14. Nh7+ Rxh7 15. Bxh7 Bb7 16. O-O
Nbc6 17. Rab1 Ba6 18. Be3 Qa5 19. Rfd1 Nxe5 20. Qg3 f6 21. Rd6
Bc8 22. Rbd1 Nd5 23. Bf4 Rb8 24. Bxe5 fxe5 25. Qxe5 Qd2
26. Rd8+ Kf7 27. Bg8+ Kg6 28. Qe4+ Kf6 29. Qf3+ 1-0

[Event "US Championship"]
[Site "Saint Louis USA"]
[Date "2017.04.06"]
[EventDate "2017.03.29"]
[Round "8"]
[Result "0-1"]
[White "Yaroslav Zherebukh"]
[Black "Varuzhan Akobian"]
[WhiteElo "2605"]
[BlackElo "2645"]
[PlyCount "56"]

1. e4 e6 2. d4 d5 3. Nd2 c5 4. exd5 Qxd5 5. dxc5 Nf6 6. Ngf3
Qxc5 7. Bd3 Nbd7 8. O-O Qc7 9. Qe2 Nc5 10. Bc4 Bd6 11. b3 a6
12. a4 b6 13. Bb2 Bb7 14. Rfd1 O-O 15. Bxf6 gxf6 16. Qe3 Bf4
17. Qc3 f5 18. Bf1 Rac8 19. b4 Ne4 20. Qxc7 Rxc7 21. Nc4 Rb8
22. Nxb6 Rxc2 23. Nd7 Rbc8 24. Bd3 Rb2 25. Bxe4 fxe4 26. Rd4
f5 27. Rad1 exf3 28. Rxf4 Rd2 0-1

[Event "US Championship"]
[Site "Saint Louis USA"]
[Date "2017.04.06"]
[EventDate "2017.03.29"]
[Round "8"]
[Result "0-1"]
[White "Samuel Shankland"]
[Black "Jeffery Xiong"]
[WhiteElo "2666"]
[BlackElo "2674"]
[PlyCount "104"]

1. Nf3 d5 2. e3 Nf6 3. c4 e6 4. b3 b6 5. Bb2 Bb7 6. Nc3 Nbd7
7. Qc2 a6 8. cxd5 exd5 9. d4 Bd6 10. g3 Ne4 11. Bg2 Nxc3
12. Qxc3 Nf6 13. O-O a5 14. a4 O-O 15. Ba3 c5 16. Rfd1 Rc8
17. dxc5 bxc5 18. Qd3 Qb6 19. Nd2 Rfd8 20. Rac1 Ba6 21. Qb1
Bf8 22. Bb2 d4 23. exd4 cxd4 24. Rxc8 Rxc8 25. Ne4 d3 26. Bxf6
gxf6 27. Rxd3 Bxd3 28. Qxd3 f5 29. Nd2 Qf6 30. Nc4 Rd8 31. Bd5
Bc5 32. Kg2 f4 33. Qf3 Qg5 34. Be4 fxg3 35. hxg3 h5 36. Bf5
Kg7 37. Kh3 Qf6 38. Kg2 Qg5 39. Kh3 Rd4 40. Kg2 h4 41. Kh3
hxg3 42. fxg3 Qc1 43. Be4 Qh6+ 44. Kg2 Qe6 45. Bc6 Qg6 46. Bb5
Rd3 47. Qf4 Rxb3 48. Qe5+ Kg8 49. Nxa5 Rb1 50. Nc4 Qc2+
51. Kh3 Rh1+ 52. Kg4 Qd1+ 0-1

[Event "US Championship"]
[Site "Saint Louis USA"]
[Date "2017.04.06"]
[EventDate "2017.03.29"]
[Round "8"]
[Result "1-0"]
[White "Alexander Onischuk"]
[Black "Ray Robson"]
[WhiteElo "2667"]
[BlackElo "2668"]
[PlyCount "129"]

1. d4 Nf6 2. c4 g6 3. Nc3 d5 4. cxd5 Nxd5 5. e4 Nxc3 6. bxc3
Bg7 7. Nf3 c5 8. Be3 Qa5 9. Qd2 O-O 10. Rc1 Nd7 11. Bd3 b6
12. O-O e6 13. Qe2 Bb7 14. Nd2 Qxa2 15. Ra1 Qb2 16. Rfb1 Qxc3
17. Nc4 Nf6 18. Ra3 Nxe4 19. Bxe4 Bxe4 20. Rxc3 Bxb1 21. Rc1
cxd4 22. Bg5 d3 23. Qd2 Rfc8 24. Rxb1 Rxc4 25. Qxd3 Rc5 26. h4
h5 27. Rd1 Rd5 28. Qf3 Rxd1+ 29. Qxd1 a5 30. Qf3 Ra7 31. Be3
Rc7 32. Bxb6 Rc1+ 33. Kh2 Rc4 34. g3 a4 35. Qa8+ Kh7 36. Qa7
Kg8 37. Qa6 Rb4 38. Bc5 Rb8 39. Qxa4 Bf6 40. Qf4 Rc8 41. Qxf6
Rxc5 42. Qd8+ Kh7 43. Qf8 Rf5 44. Kg2 Rf6 45. Kf1 Rf5 46. Ke2
e5 47. Kf1 Rf6 48. Kg2 Rf5 49. f3 Rf6 50. Qe7 Rf5 51. g4 hxg4
52. fxg4 Rf4 53. Kg3 Rf1 54. Qxe5 Rg1+ 55. Kf3 Rb1 56. Qd4 Rc1
57. Kf4 Re1 58. Qb4 Rf1+ 59. Ke5 Kg7 60. Kd6 Rf6+ 61. Kd7 Re6
62. Qc4 g5 63. h5 Re5 64. Qd4 f6 65. Kd6 1-0

[Event "US Championship"]
[Site "Saint Louis USA"]
[Date "2017.04.07"]
[EventDate "2017.03.29"]
[Round "9.1"]
[Result "0-1"]
[White "Jeffery Xiong"]
[Black "Wesley So"]
[WhiteElo "2674"]
[BlackElo "2822"]
[PlyCount "62"]

1. d4 Nf6 2. c4 e6 3. g3 d5 4. Bg2 Be7 5. Nf3 O-O 6. O-O dxc4
7. Qc2 a6 8. a4 Bd7 9. Rd1 Bc6 10. Nc3 Bxf3 11. Bxf3 Nc6
12. Bxc6 bxc6 13. Bg5 Rb8 14. e3 c5 15. dxc5 Qe8 16. Rd4 Nd7
17. Bxe7 Qxe7 18. c6 Ne5 19. Qe4 Qc5 20. Nd5 Nd3 21. Nxc7 Nxf2
22. Kxf2 Rxb2+ 23. Kf1 Qh5 24. Qg4 Qxh2 25. Qf3 c3 26. Rc1 e5
27. Rh4 Qd2 28. Rd1 Rd8 29. Nd5 Rxd5 30. Rd4 Rxd4 31. exd4
Qxd1+ 0-1